000
00263nam a2200097Ia 4500
001
768074
005
20250826165411.0
008
250824s9999 xx 000 0 und d
245
0
_a
GÖNDERİLMEMİŞ MEKTUPLAR
_c
ADİL KUTUY
260
_b
BİLGE KÜLTÜR SANAT YAYINLARI
999
_c
768074
_d
768074